Statistiques concernant Référence Palmashow

Cliquez ici pour prendre le quiz!

Statistiques générales

  • Ce quiz a été pris 319 fois
  • Le résultat moyen est 5 sur 15

Statistiques - réponses

CitationsNoms vidéos% Correct
Est ce qu'il vous reste des schtomeul?
les vendeurs ikéa
95%
Michel c'est le Brésil, il dance la samba, il va de ville en ville pour vendre les fenêtres!quand on passe un entretien d'embauche
54%
J'avais mis les clés dans le sac de bouffe avec les milous!quand on fait du camping
45%
Vous êtes gros et con... Ca fait gros conpendant la visite médicale
40%
Deux personnes pour vous livrer pour deux fois de plaisirquand on est livreur de pizza
39%
Allez allez à tout les coups on gagne! Un ballon c'est une peluche...quand on est forain
32%
Petite bière?la journée radar
31%
-C'est quoi Frankie le plus compliqué?
-Le PDC
les sauveteurs
27%
-Tu vas où comme ça?
-Je fugue
quand on est camionneur
24%
-Vous avez un sujet préféré?
-Le FOOT
quand on passe l'oral d'histoire géo
21%
Ta meuf c'est une ordonnance tu la ramène!quand ils sont pharmaciens
19%
sabre laser....OUUH.... nique ta mèree!cigarette électronique
18%
Tu reveux du quennelle? Même pas un petit poichis?le premier p'tit dej
6%
Vous avez 8 points! Eh c'est chaud 8 points mon frère!quand on vend des téléphones
5%
Telle un oiseau rare des montagnes... genre un focon!quand on vend des baskets
3%

Distribution des résultats

Percentile par nombre de réponses

% des personnes avec chaque résultat

Votre développement - résultats

Vous n’avez pas pris ce quiz